| 000 | 00396nam a2200145 a 4500 | ||
|---|---|---|---|
| 001 | 228 | ||
| 003 | CDMR | ||
| 005 | 20130116135152.0 | ||
| 008 | 130130s2008||||||||||||||||||||||||||||d | ||
| 040 |
_aCDMR _bcat _cCPC GIRONA |
||
| 100 | 1 |
_aCardús, Salvador _9145 |
|
| 245 | 1 | 0 |
_aAnuari de l'opinió publicada 2006 _cCardús, Salvador |
| 260 |
_c2008 _bFundació Centre Documentació Política |
||
| 942 | _cMON | ||
| 999 |
_c228 _d228 |
||